000 00804nam0a22002771 4500
001 rc\3910134
005 20250611020233.0
021 _aRU
_b[54-40838]
035 _a(NLR Aleph) 008018755
090 _a8747124
_c8747124
100 _a20130415d1954 |||y0rusy50 ca
101 0 _arus
102 _aRU
105 _aa z |||||
200 1 _aСиваш
210 _aСимферополь
_cКрымиздат
_d1954
215 _a56 с.
_cил.
_d20
225 1 _aОчерки природы Крыма
320 _aБиблиогр. в конце книги
607 _aСиваш, залив
_2psbo
700 1 _aБабков
_bИ.И.
_f1891-1971
_gИван Иванович
801 0 _aRU
_bNLR
_gpsbo
801 1 _aRU
_bELAR
_2rusmarc
852 _aNLR
_jГ20 Г-4/299
942 _cBOOK
980 _aNB